| 000 | 00619nam a2200229 a 4500 | ||
|---|---|---|---|
| 001 | 086927 | ||
| 003 | BD-ChCU | ||
| 005 | 20230204165749.0 | ||
| 008 | 2012s2016 aii b 003 eng | ||
| 020 | _a978 93 80663 37 1 | ||
| 040 |
_aDLC _cDLC _dBD-ChCU |
||
| 082 | 0 | 0 | _a519.6/C532c |
| 100 | 1 |
_aChiang Alpha C. _c |
|
| 245 | 1 | 0 |
_aElements of dynamic Optimization _c _cAlpha C. Chiang |
| 250 | _a1st ed. | ||
| 260 |
_aKolkota _cLevant Books _c2012 |
||
| 300 | _a327pg. | ||
| 504 | _aIncludes index(P323-327) and bibliography. | ||
| 650 | 0 |
_aOptimization _cMathematics |
|
| 700 | 1 | _a | |
| 942 |
_2ddc _cBK |
||
| 999 |
_c86927 _d86927 |
||